01010nam a22002297a 4500003000900000005001700009008004100026040001300067041000800080082001300088110004700101245006600148260005000214300002300264440005500287504004000342650003900382650016300421942001200584952016700596999001700763BDDh-ASL20231120153022.0231120s2006 nyu||||| |||| 00| 0 eng d cBDDh-ASL aeng a954bROY1 aCambridge University Press, London. 9822910aTransactions of the Royal Historical Society: bVolume- XVI./ aLondon: bCambridge University Press, c2006. a223 p.: c22 c.m.  aRoyal Historical Society: Sixth Series 98344n 16 aInclude Bibliographical References. 0aHistory (ইতিহাস)94586 0aHistory and Heritage (ইতিহাস ও ঐতিহ্য) , ইতিহাস, History, Etihas, Itihas O Oitijjo, Etihash O Aitijjaya , Aitijjha97488 2ddccBK 00102ddc40708NFICaASLbASLcSICd2023-11-20eDonated by Prof. Sirajul Islam, FRHShV-16l0o954 ROYp125124r2023-11-20 00:00:00tC-1w2023-11-20yBKzY-2006 c34432d34432